000 00421pab a2200145 454500
008 180718b1984 xxu||||| |||| 00| 0 eng d
100 _aGolland, Richard
245 _aThe Greater London Council Research Library
_bComputerized information services for local government
260 _c1984
300 _a43-53
362 _aAutumn
650 _aLibraries - U.K.
773 _aPlanning and Administration
909 _a12627
999 _c12627
_d12627